LIBRARY & INFORMATION CENTRE, KCAET, TAVANUR

ONLINE PUBLIC ACCESS CATALOGUE (OPAC)

Readers Delight / (Record no. 1030)

MARC details
000 -LEADER
fixed length control field 00463cam a2200193ua 4500
041 ## - LANGUAGE CODE
Language code of text/sound track or separate title eng
082 ## - DEWEY DECIMAL CLASSIFICATION NUMBER
Classification number 824
Item number RAJ/RE
100 ## - MAIN ENTRY--AUTHOR NAME
Personal name Raju, Sundara.R .
245 00 - TITLE STATEMENT
Title Readers Delight /
260 ## - PUBLICATION, DISTRIBUTION, ETC. (IMPRINT)
Place of publication Madras :
Name of publisher The National publishing co. ,
Year of publication 1968.
300 ## - PHYSICAL DESCRIPTION
Number of Pages 192 ; .
942 ## - ADDED ENTRY ELEMENTS (KOHA)
Koha item type Books
Holdings
Withdrawn status Lost status Damaged status Home library Current library Date acquired Full call number Accession Number Koha item type
Withdrawn   Damaged KAUAET KAUAET 07/04/2012 824 12466 Books
Withdrawn     KAUAET Sanskrit University 07/04/2012 824 12467 Books
Withdrawn     KAUAET Sanskrit University 07/04/2012 824 12913 Books
free website counter